000 02305nam a2200289 a 4500
001 000006770
003 DO-SdBNP
005 20240911122847.0
008 090902t2003 dr 001 e spa d
020 _a9993430420
040 _aDO-SdBNP
_bspa
_cBPMSU
082 4 _aRD864.44
_bF677c 2003
_222
100 1 _aFont-bernard, R. A.,
_d1924-2006
245 1 0 _aCrónicas elementales /
_cR. A. Font-bernard ; prólogo Enriquillo Sánchez.
260 _aSanto Domingo, :
_bBanco Central de la República Dominicana
_c2003
300 _a226 p. ;
_c22 cm.
490 0 _aBanco Central de la República Dominicana;
_aArte literatura,
_v52
505 0 _gCarta prólogo /
_rEnriquillo Sánchez --
_tLas fabulaciones del descubrimiento --
_tLos cronistas de las Indias --
_tUnas precisiones --
_tDe regia potestate --
_tLa sobrecarga heredada --
_tLa territoriedad mutilada --
_tNosotros y el destino manifiesto --
_tAguas arriba en la historia --
_tEl espejo del pasado --
_tTrujillo y yo --
_tRedactores de discursos, proclamas y mensajes --
_tPara la historia --
_tLa sensualidad en la Biblia --
_tEn torno a la poesía erótica --
_tPoesía chapucera --
_tEn torno a la letra eñe --
_tChaqui, chaqui, chaqui, charaqui --
_tEntorno a las bastardías --
_tPatología política --
_tLa casa de Bernarda Alba --
_tRubén Darío y su creación poética --
_tRubén Darío y la negritud --
_tEn el centenario de Azul --
_tEn el ocaso del boom novelístico --
_tVenturas y desventuras del Premio Nóbel de Literatura --
_tLa vorágine --
_tJosé Martí poeta --
_tLos versos sencillos --
_tIsmaelillo --
_tMujeres en la vida de José Martí --
_tVariaciones en el Manifiesto de Montecristi --
_tCómo nos vieron Hostos y Martí --
_tPerón --
_tVargas Vila --
_tEnrique Gómez Carrillo --
_tJuan Ramón Jiménez --
_tFrancisco Villaespesa --
_tDon Américo Lugo --
_tP.H.U. --
_tRamón Marrero Aristy --
_tEntre el tiempo y la distancia --
_tTiempos dismitificadores --
_tEntrevistas imaginarias.
590 _aInventariado, 2024/VM
650 4 _aEnsayos dominicanos
650 4 _aLiteratura dominicana.
651 4 _aRepública Dominicana
_xHistoria
_vEnsayos, conferencias, etc
700 1 _aSánchez, Enriquillo,
_d1947-2004
_eprólogo
710 2 _aBanco Central de la República Dominicana
910 _aVMateo V. Control de calidad BPMSU
942 _2ddc
_cBK
999 _c14809
_d14809